[Event "Araraquara op 2nd"]
[Site "Araraquara"]
[Date "2024.02.10"]
[Round "1"]
[White "Bernardes, Andre Amancio"]
[Black "Aoyama, Edmundo"]
[Result "0-1"]
[WhiteElo "1739"]
[BlackElo "1811"]
[PlyCount "42"]
[EventDate "2024.02.10"]
[EventType "swiss"]
[EventRounds "7"]
[EventCountry "BRA"]
[SourceTitle "CB09_2024"]
[SourceDate "2024.02.28"]
[SourceVersion "1"]
[SourceVersionDate "2024.02.28"]
[SourceQuality "1"]

1. c4 Nf6 2. g3 e5 3. Bg2 Bc5 4. d3 d6 5. Nf3 Nc6 6. 0-0 0-0 7. Nc3 h6 8. a3 a5 9. Na2 Be6 10. b4 axb4 11. axb4 Nxb4 12. Qd2 Rxa2 13. Rxa2 Nxa2 14. Qxa2 b5 15. Be3 Bxe3 16. fxe3 bxc4 17. dxc4 Qd7 18. Rc1 Rb8 19. Nd2 g6 20. Nf3 Kg7 21. Kf2 Ng4+ 0-1

[Event "BRA-ch 87th"]
[Site "Cuiaba"]
[Date "2021.10.30"]
[Round "4"]
[White "Cymbalista, Eduardo Cymrot"]
[Black "Aoyama, Edmundo"]
[Result "1-0"]
[WhiteElo "1735"]
[BlackElo "1824"]
[PlyCount "53"]
[EventDate "2021.10.28"]
[EventType "swiss"]
[EventRounds "11"]
[EventCountry "BRA"]
[SourceTitle "CBM 205 Extra"]
[Source "ChessBase"]
[SourceDate "2022.01.31"]
[SourceVersion "1"]
[SourceVersionDate "2022.01.31"]
[SourceQuality "1"]

1. e4 d6 2. d4 Nf6 3. Nc3 g6 4. Be3 c6 5. Qd2 Nbd7 6. 0-0-0 Qc7 7. f3 b5 8. d5 a6 9. dxc6 Qxc6 10. Nge2 Bb7 11. g4 Ne5 12. Nd4 Qc7 13. g5 Nfd7 14. f4 Nc4 15. Bxc4 Qxc4 16. Rhe1 Rc8 17. Qe2 Qc7 18. Nd5 Qa5 19. Kb1 e6 20. Bd2 Qd8 21. Bc3 Rg8 22. Nb3 Rc4 23. Na5 Bxd5 24. exd5 Rxc3 25. dxe6 Nc5 26. e7 Bxe7 27. Nc6 1-0

[Event "Sao Paulo Carnaval op"]
[Site "Sao Paulo"]
[Date "2020.02.23"]
[Round "4"]
[White "Aoyama, Edmundo"]
[Black "Gomes, Carlos"]
[Result "1-0"]
[WhiteElo "1804"]
[BlackElo "1581"]
[PlyCount "59"]
[EventDate "2020.02.22"]
[EventType "swiss"]
[EventRounds "7"]
[EventCountry "BRA"]
[SourceTitle "CBM 195 Extra"]
[Source "ChessBase"]
[SourceDate "2020.05.31"]
[SourceVersion "1"]
[SourceVersionDate "2020.05.31"]
[SourceQuality "1"]

1. Nf3 Nf6 2. b3 g6 3. Bb2 Bg7 4. e3 c5 5. c4 Nc6 6. d4 cxd4 7. Nxd4 0-0 8. Be2 Nxd4 9. Bxd4 d5 10. Nd2 dxc4 11. Bxc4 Bd7 12. 0-0 Bc6 13. Rc1 a6 14. Qe2 Re8 15. Nf3 Bxf3 16. Qxf3 e5 17. Bc3 e4 18. Qh3 Qe7 19. Rfd1 Rad8 20. g3 Rxd1+ 21. Rxd1 Rd8 22. Qf1 Ng4 23. Bxg7 Kxg7 24. Rd5 Nf6 25. Qa1 b5 26. Rxd8 Qxd8 27. Bf1 Kg8 28. Qe5 Kg7 29. h4 Qd5 30. Qb2 1-0

[Event "Florianopolis op 6th"]
[Site "Florianopolis"]
[Date "2020.01.25"]
[Round "8"]
[White "Ribeiro, Gilnei Guedes"]
[Black "Aoyama, Edmundo"]
[Result "0-1"]
[WhiteElo "1422"]
[BlackElo "1857"]
[PlyCount "106"]
[EventDate "2020.01.20"]
[EventType "swiss"]
[EventRounds "10"]
[EventCountry "BRA"]
[SourceTitle "CBM 194 Extra"]
[Source "ChessBase"]
[SourceDate "2020.03.31"]
[SourceVersion "1"]
[SourceVersionDate "2020.03.31"]
[SourceQuality "1"]

1. d4 Nf6 2. Nf3 b6 3. Bf4 Bb7 4. e3 e6 5. Nbd2 c5 6. c3 Be7 7. Bd3 0-0 8. h4 d5 9. Ne5 Nc6 10. Qf3 c4 11. Bc2 b5 12. Bg5 Nxe5 13. dxe5 Nd7 14. Bxh7+ Kxh7 15. Qh5+ Kg8 16. Nf3 f6 17. Rh3 Qe8 18. Qg4 Bd8 19. 0-0-0 Nxe5 20. Nxe5 fxe5 21. Bh6 Bf6 22. Rg3 Qf7 23. f4 exf4 24. exf4 a5 25. Rf1 b4 26. f5 e5 27. Bg5 Rad8 28. h5 Bxg5+ 29. Qxg5 Qf6 30. Qg4 Qh6+ 31. Qg5 Qxg5+ 32. Rxg5 Rf6 33. Rh1 Rdd6 34. Rg3 d4 35. Rh4 e4 36. Rhg4 Rd7 37. cxd4 Kh7 38. Rg5 Rdf7 39. Kd2 Rxf5 40. Ke3 a4 41. Rg6 Rxh5 42. Rb6 b3 43. axb3 axb3 44. Rb4 Rc7 45. Kd2 Bd5 46. Rb5 Rf7 47. Ke3 Rff5 48. Rc5 Rfg5 49. Kf4 Rxg3 50. Kxg3 e3 51. Kg4 Kh6 52. Rc8 Rg5+ 53. Kh3 Be6+ 0-1

[Event "Pan American-ch Amateur U2000"]
[Site "San Jose"]
[Date "2019.10.23"]
[Round "1.17"]
[White "Diaz Charpentier, Kristel Melissa"]
[Black "Aoyama, Edmundo"]
[Result "0-1"]
[WhiteElo "1679"]
[BlackElo "1828"]
[PlyCount "68"]
[EventDate "2019.10.23"]
[EventType "swiss"]
[EventRounds "9"]
[EventCountry "CRI"]
[SourceTitle "EXT 2024"]
[Source "ChessBase"]
[SourceDate "2023.10.10"]
[SourceVersion "1"]
[SourceVersionDate "2023.10.10"]
[SourceQuality "1"]

1. e4 d6 2. d4 Nf6 3. Nc3 g6 4. f4 Bg7 5. Nf3 c6 6. Bd3 e5 7. dxe5 dxe5 8. Nxe5 Nbd7 9. Nf3 Nb6 10. 0-0 0-0 11. Be3 Ng4 12. Bc5 Re8 13. h3 Nd7 14. Bxa7 Rxa7 15. hxg4 Qb6+ 16. Kh1 Qxb2 17. Nb5 cxb5 18. Rb1 Qc3 19. Bxb5 Qc7 20. e5 Rd8 21. Qe2 Nf8 22. Ng5 Ne6 23. Nxe6 Bxe6 24. a4 Raa8 25. f5 Bd5 26. f6 Bf8 27. c4 Be6 28. Rbc1 Rd4 29. Qe3 Rad8 30. c5 Qa5 31. c6 bxc6 32. Rxc6 Qd2 33. Qxd2 Rxd2 34. a5 Bd5 0-1

[Event "Registro op 10th"]
[Site "Registro"]
[Date "2019.08.02"]
[Round "2"]
[White "Aoyama, Edmundo"]
[Black "Chemin, Vitorio"]
[Result "0-1"]
[WhiteElo "1829"]
[BlackElo "2182"]
[PlyCount "70"]
[EventDate "2019.08.01"]
[EventType "swiss"]
[EventRounds "7"]
[EventCountry "BRA"]
[SourceTitle "EXT 2020"]
[Source "ChessBase"]
[SourceDate "2019.10.17"]
[SourceVersion "1"]
[SourceVersionDate "2019.10.17"]
[SourceQuality "1"]

1. Nf3 d5 2. b3 Nf6 3. Bb2 Bf5 4. e3 e6 5. c4 Be7 6. d4 Bxb1 7. Rxb1 Bb4+ 8. Ke2 Ne4 9. Qc2 0-0 10. a3 Bd6 11. g3 c6 12. Bg2 Nd7 13. Nd2 f5 14. f3 Nxd2 15. Qxd2 Qe7 16. Ra1 dxc4 17. bxc4 e5 18. Kf2 f4 19. exf4 exf4 20. Rhe1 Qf7 21. Qd3 fxg3+ 22. hxg3 Rad8 23. Rh1 g6 24. Rae1 Ne5 25. Qc3 Ng4+ 26. Kg1 Bxg3 27. d5 Qf6 28. Re6 Bf2+ 29. Kf1 Qxc3 30. Bxc3 Bc5 31. Ke2 cxd5 32. Rh4 d4 33. fxg4 dxc3 34. Bd5 Rf2+ 35. Kd3 Rxd5+ 0-1

[Event "World Amateur-ch U2000"]
[Site "Cagliari"]
[Date "2018.04.26"]
[Round "6"]
[White "Nagy, Laszlo3333"]
[Black "Aoyama, Edmundo"]
[Result "1/2-1/2"]
[WhiteElo "1958"]
[BlackElo "1864"]
[PlyCount "69"]
[EventDate "2018.04.22"]
[EventType "swiss"]
[EventRounds "9"]
[EventCountry "ITA"]
[SourceTitle "CBM 184 Extra"]
[Source "ChessBase"]
[SourceDate "2018.06.28"]
[SourceVersion "1"]
[SourceVersionDate "2018.06.28"]
[SourceQuality "1"]

1. d4 Nf6 2. c4 e6 3. g3 d5 4. Bg2 Be7 5. Nf3 0-0 6. 0-0 Nbd7 7. b3 Ne4 8. Bb2 c6 9. Nbd2 f5 10. e3 Qe8 11. Ne5 Nxd2 12. Qxd2 Nxe5 13. dxe5 Bd7 14. Rfd1 Rd8 15. Qa5 a6 16. Bd4 Kh8 17. Bb6 Rc8 18. Rd2 Rg8 19. Rc1 Qf8 20. c5 g5 21. f4 Qh6 22. Bc7 Rce8 23. Qb4 Bc8 24. Bd6 Bd8 25. Qc3 Qg7 26. b4 h5 27. Kf2 Qh6 28. Rg1 h4 29. Bf1 Rg6 30. Ke1 Reg8 31. Rdg2 Kg7 32. Be2 Kf7 33. Kf1 gxf4 34. exf4 hxg3 35. hxg3 1/2-1/2

[Event "Florianopolis op 4th"]
[Site "Florianopolis"]
[Date "2018.01.24"]
[Round "9"]
[White "Aoyama, Edmundo"]
[Black "Felix, Joao Eduardo Orland"]
[Result "1-0"]
[WhiteElo "1836"]
[BlackElo "1316"]
[PlyCount "75"]
[EventDate "2018.01.19"]
[EventType "swiss"]
[EventRounds "10"]
[EventCountry "BRA"]
[SourceTitle "EXT 2019"]
[Source "ChessBase"]
[SourceDate "2018.10.10"]
[SourceVersion "1"]
[SourceVersionDate "2018.10.10"]
[SourceQuality "1"]

1. Nf3 Nf6 2. b3 g6 3. Bb2 Bg7 4. c4 d6 5. d4 0-0 6. e3 Nbd7 7. Be2 e5 8. Nc3 Ne8 9. Qc2 f5 10. dxe5 Nxe5 11. 0-0-0 Nxf3 12. Bxf3 c6 13. h4 Nf6 14. Ba3 c5 15. Bxc5 Ne8 16. Bd4 Bxd4 17. Rxd4 Be6 18. Rhd1 Qc7 19. Nb5 Qe7 20. Nxd6 Nxd6 21. Rxd6 Bc8 22. Qb2 Qg7 23. Rd8 Qxb2+ 24. Kxb2 h5 25. Rxf8+ Kxf8 26. Rd8+ Kf7 27. Bd5+ Ke7 28. Rg8 Kf6 29. Kc3 Rb8 30. Kd4 a6 31. Rf8+ Ke7 32. Rf7+ Ke8 33. Rg7 b5 34. c5 Kf8 35. Rxg6 Ke7 36. Rb6 Rxb6 37. cxb6 Kd6 38. b7 1-0